| 000 | 01013cam a2200301 i 4500 | ||
|---|---|---|---|
| 001 | 18449462 | ||
| 003 | PILC | ||
| 005 | 20160621151436.0 | ||
| 008 | 150115s2015 cau b 001 0 eng | ||
| 010 | _a 2014046552 | ||
| 020 | _a9781483319902 (pbk. : alk. paper) | ||
| 040 |
_aDLC _beng _cDLC _erda _dDLC |
||
| 042 | _apcc | ||
| 043 | _an-us--- | ||
| 050 | 0 | 0 |
_aLC 1201 _b.K369 2015 |
| 082 | 0 | 0 | _a371.9/046 |
| 100 | 1 | _aKarten, Toby J. | |
| 245 | 1 | 0 |
_aInclusion strategies that work! : _bresearch-based methods for the classroom / _cToby J. Karten. |
| 250 | _a3rd Edition. | ||
| 260 |
_aCA : _bCorwin, _c2015. |
||
| 300 |
_axix, 426 pages ; _c28 cm |
||
| 500 | _aIncludes bibliographical references and index. | ||
| 650 | 0 |
_aInclusive education _zUnited States. |
|
| 650 | 0 |
_aTeenagers _xEducation _zUnited States. |
|
| 906 |
_a7 _bcbc _corignew _d1 _eecip _f20 _gy-gencatlg |
||
| 942 |
_2lcc _cBK |
||
| 999 |
_c288951 _d288951 |
||